000 01094pam a2200349 a 4500
001 2136
003 FISKH
005 20241101105200.0
008 940606s1995 nju j 000 1 eng
010 _a 94019828
020 _a0816735786 (pbk.) :
020 _a051487035788
040 _aDLC
_cDLC
_dDLC
_beng
042 _alcac
050 0 0 _aPZ7.M5719
_bMd 1995
082 0 0 _a557
_220
100 1 _aMeyers, Susan.
245 1 0 _aMeg and the secret scrapbook /
_cSusan Meyers.
250 _aThis edition published in 2002
260 _aMahwah :
_bTroll Associates,
_c1995
300 _a126 pages ;
_c20 cm
490 1 _aAlways friends club ;
_vBook 1
505 _aQ
520 _aTen-year-old Meg finds new friends and a mystery after moving from Los Angeles to her mother's hometown of Redwood Grove.
521 8 _a660
_bLexile estimate
521 8 _aQ
_bRaz-Plus
650 1 _aFriendship
_xFiction.
650 1 _aMoving, Household
_xFiction.
650 1 _aMystery and detective stories.
906 _a7
_bcbc
_corignew
_d1
_eocip
_f19
_gy-gencatlg
942 _2ddc
_cBK
_n0
999 _c2136
_d2136